Phan Thanh Giản trăm năm nhìn lại

Spremljeno u:
Bibliografski detalji
Autor kompanije: Nhiều tác giả
Format: Knjiga
Jezik:Vietnamese
Izdano: Hà Nội Thế giới - tạp chí Xưa và Nay 2017
Teme:
Oznake: Dodaj oznaku
Bez oznaka, Budi prvi tko označuje ovaj zapis!
Thư viện lưu trữ: Trung tâm Học liệu Lê Vũ Hùng, Trường Đại học Đồng Tháp
LEADER 00756nam a22002418a 4500
001 00042791
005 20181019151004.0
008 171101s2017####-vm#################vie|d
020 # # |c 230000  |a 978 604 77 3909 7 
041 0 # |a vie 
082 # # |a 959.702 909 2  |b PH105TH 
110 1 # |a Nhiều tác giả 
245 1 0 |a Phan Thanh Giản trăm năm nhìn lại 
260 # # |a Hà Nội  |b Thế giới - tạp chí Xưa và Nay  |c 2017 
300 # # |a 645 tr.  |c 24 cm. 
653 # # |a Lịch sử 
653 # # |a Nhân vật nổi tiếng 
653 # # |a Tiểu sử 
653 # # |a Việt Nam 
852 # # |j KD.0023009 
910 |d 19/10/2018 
980 # # |a Trung tâm Học liệu Lê Vũ Hùng, Trường Đại học Đồng Tháp